000 00505nam a2200169 4500
001 138936
003 ES-MaACL
005 20230906195653.0
007 t|
008 070214s1963 sp r ||||1| spa d
100 1 _aSaponaro, Michele.
_9103723
245 1 0 _aMiguel Angel /
_cMichele Saponaro ; traducción del italiano por Andrés Lupo.
260 _aBarcelona :
_bPlaneta,
_c1963.
300 _a292 p., 16 lám. ;
_c22 cm.
700 1 _aLupo, Andrés.
_974803
852 _aES-MaACL
_jC-23619
_bR.52214
999 _c138936
_d138936